Organización y control de alojamiento (Registro nro. 10310)
[ vista simple ]
| 000 -CABECERA | |
|---|---|
| campo de control de longitud fija | 00543nam a22002057a 4500 |
| 005 - FECHA Y HORA DE ACTUALIZACIÓN | |
| campo de control | 20180118111021.0 |
| 008 - LONGITUD FIJA | |
| campo de control de longitud fija | 180118b xxu||||| |||| 00| 0 spa d |
| 020 ## - INTERNATIONAL STANDARD BOOK NUMBER | |
| Número Internacional Estándar del Libro | 8497322231 |
| 041 ## - IDIOMA | |
| Código de idioma del texto/pista de sonido o título separado | |
| 082 ## - CLASIFICACIÓN DECIMAL DEWEY | |
| Número de clasificación | 1.2.17 M644o |
| 100 ## - AUTOR PERSONAL | |
| Nombre de persona | Milio Balanzá, Isabel |
| 245 ## - TÍTULO PROPIAMENTE DICHO | |
| Título | Organización y control de alojamiento |
| 260 ## - PIE DE IMPRENTA | |
| Lugar de publicación, distribución, etc. | España |
| 260 ## - PIE DE IMPRENTA | |
| Nombre del editor, distribuidor, etc. | Paraninfo |
| 260 ## - PIE DE IMPRENTA | |
| Fecha de publicación, distribución, etc. | 2002 |
| 650 ## - Materia General | |
| Materia general | ADMINISTRACIÓN HOTELERA |
| 650 ## - Materia General | |
| Materia general | CONTROL DE ALOJAMIENTO |
| 650 ## - Materia General | |
| Materia general | EMPRESAS DE HOSPEDAJE |
| 942 ## - Punto de Acceso Adicional Koha | |
| Tipo de ítem Koha | Libro |
| Estado perdido | Estado dañado | No para préstamo | Biblioteca permanente | Biblioteca actual | Signatura completa | Código de barras | Precio efectivo a partir del | Tipo de ítem |
|---|---|---|---|---|---|---|---|---|
| Departamento de Biblioteca y Documentación Alfonso Chase Brenes | Departamento de Biblioteca y Documentación Alfonso Chase Brenes | 1.2.17 M644o | 6522 | 18/01/2018 | Libro | |||
| Departamento de Biblioteca y Documentación Alfonso Chase Brenes | Departamento de Biblioteca y Documentación Alfonso Chase Brenes | 1.2.17 M644o | 11601 | 18/01/2018 | Libro |